21 Messier Objects - Statistics

General Stats
  • This quiz has been taken 28 times
  • The average score is 7 of 21
Answer Stats
Picture Answer % Correct
Crab Nebula
100%
Andromeda Galaxy
57%
Dumbbell Nebula
57%
Sombrero Galaxy
57%
Ring Nebula
50%
Triangulum Galaxy/Pinwheel Galaxy
50%
Lagoon Nebula
43%
Whirlpool Galaxy
43%
Black Eye Galaxy
36%
The Pleadies/Seven Sisters/Subaru
36%
Cigar Galaxy
29%
Sunflower Galaxy
29%
Crocodile Eye Galaxy/Croc's Eye Galaxy/Cat's Eye Galaxy
21%
Great Orion Nebula
21%
Little Dumbbell Galaxy
21%
Owl Nebula
21%
Virgo A/Smoking Gun Galaxy
21%
Southern Pinwheel Galaxy
14%
Winnecke 4
14%
Spider Globular Cluster
7%
Flickering Globular Cluster
0%
No matching quizzes found
Score Distribution
Percent of People with Each Score
Percentile by Number Answered
Your Score History
You have not taken this quiz